[Event "Bois Gentil op"]
[Site "Geneve"]
[Date "2017.01.27"]
[Round "3"]
[White "Monnard, Daniel"]
[Black "Broome, Jeremy"]
[Result "0-1"]
[WhiteElo "1714"]
[BlackElo "1738"]
[PlyCount "114"]
[EventDate "2017.01.13"]
[EventType "swiss"]
[EventRounds "7"]
[EventCountry "SUI"]
[SourceTitle "EXT 2018"]
[Source "ChessBase"]
[SourceDate "2017.10.13"]
[SourceVersion "1"]
[SourceVersionDate "2017.10.13"]
[SourceQuality "1"]

1. c4 c6 2. g3 Nf6 3. Bg2 d5 4. cxd5 cxd5 5. Nf3 Nc6 6. 0-0 Bg4 7. h3 Bxf3 8. Bxf3 e6 9. d3 Bd6 10. Nc3 Rc8 11. d4 0-0 12. b3 a6 13. Bb2 b5 14. Rc1 Qb6 15. e3 Qb8 16. Bg2 Ne7 17. Qd3 Rc7 18. Ne2 Rxc1 19. Rxc1 Rc8 20. Rxc8+ Qxc8 21. Qc3 Qxc3 22. Nxc3 Bb4 23. Ne2 Kf8 24. Nf4 Nc6 25. Nd3 Ke8 26. Kf1 Kd7 27. g4 Bd6 28. f4 Nb4 29. Nxb4 Bxb4 30. Bf3 Ne4 31. Bxe4 dxe4 32. a3 Be7 33. b4 Kd6 34. Bc3 Kd5 35. Ke2 Kc4 36. Bd2 Kb3 37. Bc1 Kc2 38. Bd2 Kb2 39. f5 exf5 40. gxf5 Kxa3 41. Kd1 Kb3 42. Be1 Kc4 43. Kc2 g6 44. fxg6 hxg6 45. Kb2 Kd3 46. Bg3 Kxe3 47. d5 Bxb4 48. d6 Ba5 49. Bh4 Kd3 50. d7 e3 51. d8Q+ Bxd8 52. Bxd8 f5 53. Kc1 f4 54. Kd1 f3 55. Ke1 b4 56. h4 b3 57. Bf6 Kc2 0-1